Contos clássicos de terror (Record no. 157368)

MARC details
000 -LÍDER
campo de controle de tamanho fixo 00411 a2200169 4500
001 - NÚMERO DE CONTROLE
campo de controle 157368
020 ## - ISBN - INTERNATIONAL STANDARD BOOK NUMBER
ISBN - International Standard Book Number 978-85-359-3177-8
040 ## - FONTE DA CATALOGAÇÃO
Instituição que transcreveu o registro Escola São Tomás de Aquino
100 ## - ENTRADA PRINCIPAL--NOME PESSOAL
Nome pessoal JEHA, Julio
240 10 - TÍTULO UNIFORME
Título uniforme Contos clássicos de terror
Idioma da obra por
245 10 - TÍTULO
Título Contos clássicos de terror
300 ## - DESCRIÇÃO FÍSICA
Extensão 406
362 0# - DATAS DE PUBLICAÇÃO E/OU DESIGNAÇÃO SEQUENCIAL
Datas de publicação e/ou designação sequencial 2018
440 #1 - DECLARAÇÃO DE SÉRIE/ENTRADA ADICIONADA--TÍTULO
Título Companhia das Letras
697 ## - ENTRADA DE ASSUNTO LOCAL--ENTIDADE COLETIVA (RLIN)
Nome corporativo ou nome da jurisdição Coleção de ficção
942 ## - ELEMENTOS DE ENTRADA ADICIONADOS (KOHA)
Tipo de material Koha Livros
Holdings
Situação do descarte Situação das perdas Situação física Não pode ser emprestado Biblioteca de origem Biblioteca atual Data de aquisição Total de empréstimos Número de chamada completo Código de barras Data de último acesso Data do preço efetivo Tipo de material Koha
        ESTA - SÃO BENTO ESTA - SÃO BENTO 30/04/2024   808.83 JEH CON EST00012263 30/04/2024 30/04/2024 Livros
        ESTA - SÃO BENTO ESTA - SÃO BENTO 30/04/2024   808.83 JEH CON EST00012423 30/04/2024 30/04/2024 Livros